000 00568nam a22001817a 4500
005 20251108164247.0
008 250721s1986 xx 000 0 ara d
082 1 4 _a792.09565/مفي
100 1 _aحوامده، مفيد
245 1 0 _aوثائق المسرح الأردني /
264 1 _aإربد :
_bجامعة اليرموك - مركز الدراسات الأردنيه،
_c1986.
300 _a2ج.
490 0 _aدراسات في المسرح الأردني ؛ 2-3
650 1 7 _aالمسرح
650 1 7 _aالأردن
942 _2ddc
_cBK
999 _c7741
_d7741